| 000 | 00589nam a2200181Ia 4500 | ||
|---|---|---|---|
| 008 | 100920s9999 xx 000 0 und d | ||
| 082 |
_b96679 _a--- न 06 |
||
| 100 | _aमूळ : फॉलेट केन / गुर्जर रविंद्र. | ||
| 245 | _aजॅक डॉज. | ||
| 260 |
_bगायत्री साहित्य, पुणे 9. _c2006 |
||
| 300 |
_a416 _bसाधी |
||
| 365 | _b320 | ||
| 520 | _aकादंबरी. | ||
| 630 | _aजॅक डॉज. | ||
| 650 | _aकादंबरी. | ||
| 730 | _aजॅक डॉज. | ||
| 942 | _cBOOK | ||
| 999 |
_c737118 _d737115 |
||